The Top 10 Biggest Cities In Belize By Population - Statistics

General Stats
  • This quiz has been taken 9 times
  • The average score is 5 of 10
Answer Stats
Population City % Correct
1. 61,461 Belize City
100%
4. 13,381 Belmopan
100%
5. 10,750 Dangriga
56%
3. 15,298 Orange Walk
56%
2. 16,812 San Ignacio
56%
9. 5,205 Punta Gorda
44%
6. 9,871 Corozal
33%
10. 4,300 Placencia
33%
8. 7,092 Benque Viejo el Carmen
11%
7 .8,418 San Pedro Town
11%
No matching quizzes found
Score Distribution
Percent of People with Each Score
Percentile by Number Answered
Your Score History
You have not taken this quiz